<?xml version="1.0" encoding="UTF-8"?><OAI-PMH xmlns="http://www.openarchives.org/OAI/2.0/" xmlns:xsi="http://www.w3.org/2001/XMLSchema-instance"     xsi:schemaLocation="http://www.openarchives.org/OAI/2.0/ http://www.openarchives.org/OAI/2.0/OAI-PMH.xsd"><responseDate>2026-05-16T02:02:18Z</responseDate><request verb="GetRecord" identifier="oai:regmurcia.com:fintegr.786" metadataPrefix="marc21">http://oai.regmurcia.com/oai2/oai2.php</request><GetRecord><record><header><identifier>oai:regmurcia.com:fintegr.786</identifier><datestamp>2026-05-16</datestamp><setSpec>documentos</setSpec></header><metadata><record  xmlns="http://www.loc.gov/MARC21/slim" xmlns:xsi="http://www.w3.org/2001/XMLSchema-instance" xsi:schemaLocation="http://www.loc.gov/MARC21/slim http://www.loc.gov/standards/marcxml/schema/MARC21slim.xsd" type="Bibliographic"><leader>00000nam a2200000   4500</leader><controlfield tag="001" >005072957</controlfield><controlfield tag="003" >786</controlfield><controlfield tag="004" >A00000000</controlfield><datafield tag="245" ind1=" " ind2=" "><subfield code="a">Testimonio de presentación en el concejo de Murcia de cinco provisiones de Juan II a los concejos del Reino de Murcia y Obispado de Cartagena (1452-4-26. Ocaña), ordenando pagar los impuestos reales a Juan Lozano y Alfonso de Almansa.</subfield></datafield><datafield tag="300" ind1=" " ind2=" "><subfield code="c">220 x 152 mm</subfield></datafield><datafield tag="300" ind1=" " ind2=" "><subfield code="a">18 fol.</subfield></datafield><datafield tag="351" ind1=" " ind2=" "><subfield code="a">Unidad Documental</subfield><subfield code="c">Archivo de Murcia. Array</subfield><subfield code="a">Unidad Documental</subfield><subfield code="c">Archivo de Murcia. Array</subfield></datafield><datafield tag="351" ind1=" " ind2=" "><subfield code="b">Nº 63</subfield></datafield><datafield tag="506" ind1=" " ind2=" "><subfield code="a">Acceso restringido</subfield></datafield><datafield tag="510" ind1=" " ind2=" "><subfield code="a">Pub. (en parte) ABELLÁN PÉREZ, JUAN. Documentos de Juan II. Murcia: Academia Alfonso X el Sabio, 1984, pp. 647-659</subfield></datafield><datafield tag="520" ind1=" " ind2=" "><subfield code="a">El documento incluye:&lt;/br&gt;- Testimonio de la presentación ante el concejo de Murcia de cinco provisiones de Juan II, por parte de Juan Lozano y Alfonso de Almansa. (1452-6-6. Murcia). Fol. 1r-v.&lt;/br&gt;- Provisiones de Juan II a los concejos del Reino de Murcia y Obispado de Cartagena, ordenando que paguen a Juan Lozano y Alfonso de Almansa la cantidad de dinero que quedó pendiente de pagar en la recaudación de los impuestos reales de años anteriores: la renta del almojarifazgo de los años 1443-1448, la renta del diezmo y medio diezmo de lo morisco de los años 1446-1450, la mitad de las alcabalas y tercias de los años 1448-1449, las rentas del diezmo y aduanas de los años 1446-1451, y la renta del almojarifazgo de los años 1449-1451. (1452-4-26. Ocaña). Fol. 2r-17v.&lt;/br&gt;- Presentadas las cinco provisiones, Juan Lozano y Alfonso de Almansan ordenan al concejo de Murcia que proceda a su cumplimiento (1452-6-6. Murcia). Fol. 17v-18r.&lt;/br&gt;- El concejo de Murcia ordena pregonar públicamente las órdenes del rey para que todo el mundo las cumpla. (1452-6-6. Murcia). Fol. 18r.</subfield></datafield><datafield tag="583" ind1=" " ind2=" "><subfield code="u">http://www.regmurcia.com/servlet/s.Sl?METHOD=VERDOCUMENTO&amp;sit=serv,Carmesi&amp;n=/01/1245/indice.djvu</subfield></datafield><datafield tag="592" ind1=" " ind2=" "><subfield code="a">1452-06-06</subfield></datafield><datafield tag="592" ind1=" " ind2=" "><subfield code="d">1452-06-06 00:00:00</subfield></datafield><datafield tag="651" ind1=" " ind2=" "><subfield code="a">Murcia</subfield></datafield><datafield tag="786" ind1=" " ind2=" "><subfield code="o">http://www.regmurcia.com/servlet/s.Sl?METHOD=VERDOCUMENTO&amp;sit=serv,Carmesi&amp;n=/01/1245/indice.djvu</subfield></datafield><datafield tag="856" ind1=" " ind2=" "><subfield code="u">http://www.regmurcia.com/servlet/s.Sl?METHOD=DETALLE&amp;sit=c,373,m,139,serv,Carmesi&amp;id=786</subfield></datafield></record></metadata></record></GetRecord></OAI-PMH>
